000 00519nam a2200181Ia 4500
003 GCL
008 140319s9999 xx 000 0 ara d
040 _aGCL /
_cGCL
082 0 4 _aد
_b050
100 1 _aحسين محمد فهيم
245 1 0 _aادب الرحلات ( عالم المعرفة 138 ) /
_cحسين محمد فهيم
300 _a264 ص
490 _aعالم المعرفة
_v0
650 0 4 _aالرحلات
650 0 4 _aالرحالة
650 0 4 _aالرحلات فى الادب
942 _2ddc
_cBK
999 _c50298
_d50298